All 50k+ Cities in Alabama on a map - Statistics

General Stats
  • This quiz has been taken 116 times
  • The average score is 7 of 10
Answers on the Map
Answers color-coded by a green-red scale on the quiz's map according to % correct below.
 
Answer Stats
Population Answer % Correct
188,720 Mobile
96%
198,525 Montgomery
96%
209,403 Birmingham
93%
200,574 Huntsville
84%
101,129 Tuscaloosa
81%
66,259 Auburn
55%
85,768 Hoover
54%
68,941 Dothan
53%
54,445 Decatur
48%
51,593 Madison
39%
No matching quizzes found
Score Distribution
Percent of People with Each Score
Percentile by Number Answered
Your Score History
You have not taken this quiz